00819nam a22001097a 4500008004100000100002100041245004900062260002300111300003500134520051700169773002300686240930b ||||| |||| 00| 0 eng d aBilgrami, Akeel  aUnderstanding Gandhi on caste and modernity  aSocial Scientist  a52(7-8), Jul-Aug, 2024: p.3-30 aAfter ten years of it dark night of the soul, Indian politics found, on the 4th of June, that it had groped its way into tentative shaft of light: and though the sour stink of fascism is still in the air, we are now at least able to breathe. For this entire dishonorable decade, the present speaker was at a comfortable distance in New York, without cause of fear since all he did was fantasies that the brigands who were running his country world, by some marvelous change, all brak their nukes. – Reproduced  aSocial Scientist